Giai thoại và thơ Bùi Hữu Nghĩa
Saved in:
| Main Author: | |
|---|---|
| Format: | Book |
| Language: | Undetermined |
| Published: |
Cần Thơ
Sở VHTT
1994
|
| Subjects: | |
| Tags: |
Add Tag
No Tags, Be the first to tag this record!
|
| Institutions: | Trung tâm Học liệu Trường Đại học Cần Thơ |
|---|
| LEADER | 00526nam a2200169Ia 4500 | ||
|---|---|---|---|
| 001 | CTU_8813 | ||
| 008 | 210402s9999 xx 000 0 und d | ||
| 082 | |a 808 | ||
| 082 | |b Ngh301 | ||
| 100 | |a Bùi Hữu Nghĩa | ||
| 245 | 0 | |a Giai thoại và thơ Bùi Hữu Nghĩa | |
| 245 | 0 | |c Bùi Hữu Nghĩa; Biên soạn: Phạm Duy Tư | |
| 260 | |a Cần Thơ | ||
| 260 | |b Sở VHTT | ||
| 260 | |c 1994 | ||
| 650 | |a literature - history and criticism | ||
| 980 | |a Trung tâm Học liệu Trường Đại học Cần Thơ | ||